000 00363nam a2200145Ia 4500
008 240624s9999 xx 000 0 und d
041 _aeng
082 _a302.35 CHI
100 _aCHILD JOHN
245 _aORGANIZATION CONTEMPORARY PRINCIPLES AND
250 _a(2nd ed.)
260 _c2015
_aNew Delhi
_bWiley
300 _a523 : p. : cm. ; 28
365 _cRS
_b33
999 _c26495
_d26495